Pree-Degree Zoology / (Record no. 7219)
[ view plain ]
| 000 -LEADER | |
|---|---|
| fixed length control field | 00373cam a2200145ua 4500 |
| 082 ## - DEWEY DECIMAL CLASSIFICATION NUMBER | |
| Classification number | 591 |
| Item number | HUN/PR |
| 100 ## - MAIN ENTRY--AUTHOR NAME | |
| Personal name | Hunt, Lionel Charles . |
| 245 ## - TITLE STATEMENT | |
| Title | Pree-Degree Zoology / |
| 250 ## - EDITION STATEMENT | |
| Edition statement | 2 / |
| 260 ## - PUBLICATION, DISTRIBUTION, ETC. (IMPRINT) | |
| Place of publication | Cochin : |
| Name of publisher | Academic Publisehrs , |
| Year of publication | 1972. |
| 300 ## - PHYSICAL DESCRIPTION | |
| Number of Pages | 356 ; . |
| 700 1# - ADDED ENTRY--PERSONAL NAME | |
| Personal name | Rabindranath, P . |
| 700 1# - ADDED ENTRY--PERSONAL NAME | |
| Personal name | Vijayamadhavan, K T . |
| 942 ## - ADDED ENTRY ELEMENTS (KOHA) | |
| Koha item type | Books |
| Withdrawn status | Lost status | Damaged status | Home library | Current library | Date acquired | Full call number | Accession Number | Koha item type |
|---|---|---|---|---|---|---|---|---|
| KAUAET | KAUAET | 07/04/2012 | 591 | 13309 | Books | |||
| Withdrawn | KAUAET | Sanskrit University | 07/04/2012 | 591 | 13308 | Books |
